000 00545nam a2200193Ii 4500
003 JO-AjNU
008 230606s9999||||xx |||||||||||||| ||und||
020 _a978-0-521-69796-5
040 _aJO-AjNU
_beng
_erda
_cJO-AjNU
041 _aeng
050 1 4 _aKD661.H37.2007
100 3 _aHarris ، Phil,
_eauthor
_91681
245 0 3 _aAn Introduction to Law
264 3 1 _aNew York : Cambridge University Press ، 2007
300 _a496p
336 _atext
_btxt
_2rdacontent
337 _aunmediated
_bn
_2rdamedia
338 _avolume
_bnc
_2rdacarrier
999 _aE881
_c881
_d881